Leadership in urban government (Record no. 409220)

000 -LEADER
fixed length control field 00493cam a22001457a 4500
008 - FIXED-LENGTH DATA ELEMENTS--GENERAL INFORMATION
fixed length control field 180718b1983 xxu||||| |||| 00| 0 eng d
082 ## - DEWEY DECIMAL CLASSIFICATION NUMBER
Classification number I51x54 J254 83
100 ## - MAIN ENTRY--PERSONAL NAME
Personal name Jangam, R.T.
245 ## - TITLE STATEMENT
Title Leadership in urban government
Statement of responsibility, etc. by R.T. Jangam and B.A.V. Sharma
250 ## - EDITION STATEMENT
Edition statement 2nd edn.
260 ## - PUBLICATION, DISTRIBUTION, ETC.
Place of publication, distribution, etc. New Delhi
Name of publisher, distributor, etc. Oxford & IBH Publishers
Date of publication, distribution, etc. 1983
650 ## - SUBJECT ADDED ENTRY--TOPICAL TERM
Topical term or geographic name entry element Municipal government -India -Case studies.
650 ## - SUBJECT ADDED ENTRY--TOPICAL TERM
Topical term or geographic name entry element Municipal officials and employees -India -Case studies
700 ## - ADDED ENTRY--PERSONAL NAME
Personal name Sharma, B.A.V.
Holdings
Withdrawn status Lost status Damaged status Not for loan Permanent Location Current Location Date acquired Full call number Barcode Date last seen Price effective from Koha item type
        Indian Institute of Public Administration Indian Institute of Public Administration 2009-01-01 I51x54 J254 83 DA5559 2018-07-21 2018-07-21 DA
        Indian Institute of Public Administration Indian Institute of Public Administration 2009-01-01 I51x54 J253 DA4142 2018-07-21 2018-07-21 DA

Powered by Koha